Presidents with Political Bases Not in Their Birth States - Statistics

General Stats
  • This quiz has been taken 46 times
  • The average score is 18 of 20
Answer Stats
President Birth State Based In % Correct
George H.W. Bush Massachusetts Texas
100%
George W. Bush Connecticut Texas
100%
Barack Obama Hawaii Illinois
98%
Ronald Reagan Illinois California
98%
Woodrow Wilson Virginia New Jersey
98%
Andrew Jackson South Carolina Tennessee
95%
Dwight Eisenhower Texas Kansas
95%
Joe Biden Pennsylvania Delaware
95%
Abraham Lincoln Kentucky Illinois
93%
Herbert Hoover Iowa California
93%
Calvin Coolidge Vermont Massachusetts
90%
Gerald Ford Nebraska Michigan
90%
Ulysses S. Grant Ohio Illinois
90%
Andrew Johnson North Carolina Tennessee
88%
James K. Polk North Carolina Tennessee
88%
Chester A. Arthur Vermont New York
83%
Benjamin Harrison Ohio Indiana
80%
William Henry Harrison Virginia Ohio
80%
Grover Cleveland New Jersey New York
78%
Zachary Taylor Virginia Kentucky
78%
No matching quizzes found
Score Distribution
Percent of People with Each Score
Percentile by Number Answered
Your Score History
You have not taken this quiz